书目信息 |
| 题名: |
动画概论= Introduction to animation
|
|
| 作者: | 王宁 编著 | |
| 分册: | ||
| 出版信息: | 北京 清华大学出版社 2018.01 |
|
| 页数: | 150页 | |
| 开本: | 20cm | |
| 丛书名: | ||
| 单 册: | ||
| 中图分类: | J218.7-43 | |
| 科图分类: | ||
| 主题词: | 绘画--技法(美术) | |
| 电子资源: | ||
| ISBN: | 978-7-302-48629-9 | |
| 000 | 00621nam0 2200205 45 | |
| 001 | 2030351219 | |
| 005 | 20201104082655.18 | |
| 010 | @a978-7-302-48629-9@dRMB 49.80 | |
| 100 | @a20201104d2018 km y0chiy0120 ea | |
| 101 | 0 | @achi |
| 102 | @aCN@b110000 | |
| 200 | 1 | @a动画概论= Introduction to animation@Adong hua gai lun=Introduction to animation@f王宁编著@Fwang ning bian zhu |
| 205 | @a2版 | |
| 210 | @a北京@c清华大学出版社@d2018.01 | |
| 215 | @a150页@d20cm | |
| 606 | 0 | @a绘画@x技法(美术) |
| 690 | @aJ218.7-43@v4 | |
| 701 | 0 | @a王宁@Awang ning@4编著 |
| 801 | 0 | @aCN@bPFT@c20201104 |
| 905 | @a10447@dJ218.7-43@eW292=2 | |
| 动画概论= Introduction to animation/王宁编著.-2版.-北京:清华大学出版社,2018.01 |
| 150页;20cm |
| ISBN 978-7-302-48629-9:RMB 49.80 |
| ● |
| 相关链接 |
|
|
|
正题名:动画概论= Introduction to animation
索取号:J218.7-43/W292=2
 
预约/预借
| 序号 | 登录号 | 条形码 | 馆藏地/架位号 | 状态 | 备注 |
| 1 | 1501325 | 215013250 | 社科库309/309社科库 74排2列6层/ [索取号:J218.7-43/W292=2] | 在馆 |